Spojovací technika

Guardado en:
Detalles Bibliográficos
Autores principales: Klika, Otakar (Autor), Lojík, Václav (Autor)
Formato: Libro
Lenguaje:checo
Publicado: Praha : České vysoké učení technické v Praze, 1976
Etiquetas: Agregar Etiqueta
Sin Etiquetas, Sea el primero en etiquetar este registro!

MARC

LEADER 00000nam a22000003a 4500
001 stu220317
005 20150617230120.8
008 110121s1986------------------------cze-d
040 |a STU  |b slo 
041 0 |a cze 
080 |a 621.395.34 
100 1 |a Klika, Otakar  |4 aut 
245 1 |a Spojovací technika 
260 |a Praha :  |b České vysoké učení technické v Praze,  |c 1976 
700 1 |a Lojík, Václav  |4 aut 
996 |b E39451  |c E*39451  |l EE16  |s P  |a 0  |w stu220317_0001